|
|
|
|
| LEADER |
00609cam a2200181 7i4500 |
| 001 |
0000032705 |
| 005 |
20151001090000.0 |
| 020 |
0 |
0 |
|a 9781452876924
|
| 090 |
0 |
0 |
|a B 395.52
|b KAT
|
| 100 |
1 |
0 |
|a Katz, Lothar
|
| 245 |
1 |
4 |
|a The global business culture guide : :
|b hints and caveats for doing business in 50 countries around the world.
|
| 260 |
0 |
0 |
|a Charleston, SC:
|b CreateSpace,
|c c2014.
|
| 300 |
# |
# |
|a 498 pages.
|
| 650 |
0 |
0 |
|a Business communication
|
| 650 |
0 |
0 |
|a Negotiation in business
|
| 650 |
0 |
0 |
|a Corporate culture
|
| 650 |
0 |
0 |
|a Business etiquette
|
| 999 |
|
|
|a B000036732
|b Book
|c International
|e Business Information Centre
|